000 00599nam a2200217Ia 4500
003 OSt
005 20220923230811.0
006 a|||||r|||| 00| 0
007 ta
008 Pun
024 _a305,633
037 _cTextual
040 _aARTS
_cARTS
_bPun
041 _2Pun
_aPun
082 _aQ8441:33wJ63, 153K8
100 _aਅFੋਕ, FਮFੇਰ ਸਿੰਘ, ਥਦ.
245 0 _aਗੁਰਬਿਲਾਸ ਪਾਤFਾਹੀ 1
260 _c1968
942 _hQ8441:33wJ63, 153K8
_cTEXL
_2CC
999 _c387425
_d387425